| 000 | 00471nam a2200193Ia 4500 | ||
|---|---|---|---|
| 005 | 20240823053804.0 | ||
| 008 | 240823s9999||||xx |||||||||||||| ||und|| | ||
| 020 | _a978-81-239-2652-0 | ||
| 041 | _aENGLISH | ||
| 082 | _A669.9 Q6 | ||
| 100 | _aHarris K M | ||
| 245 | 0 | _aPhysical Metallurgy | |
| 250 | _a1st | ||
| 260 |
_c2016 _b"CBS Publishers & Distributors,New " |
||
| 500 | _aYES | ||
| 650 |
_aPhysical Metallurgy _bMechanical |
||
| 942 | _cBK | ||
| 999 |
_c224953 _d224953 |
||